[Event "Titled Tuesday intern op 18th Jan"]
[Site "Chess.com INT"]
[Date "2022.01.18"]
[Round "2"]
[White "Pechisker, Alfred"]
[Black "Bodi, Tibor"]
[Result "0-1"]
[WhiteElo "2174"]
[BlackElo "2324"]
[PlyCount "110"]
[EventDate "2022.01.18"]
[EventType "swiss (blitz)"]
[EventRounds "11"]
[EventCountry "USA"]
[SourceTitle "CBM 206 Extra"]
[Source "ChessBase"]
[SourceDate "2022.03.31"]
[SourceVersion "1"]
[SourceVersionDate "2022.03.31"]
[SourceQuality "1"]

1. d4 Nf6 2. c4 e5 3. d5 Bc5 4. Nc3 d6 5. e4 Nbd7 6. Be2 Nf8 7. Nf3 Ng6 8. g3 h5 9. h4 Ng4 10. 0-0 0-0 11. a3 a5 12. Rb1 f5 13. b4 Ba7 14. Bg5 Qd7 15. Qd3 f4 16. Kg2 Ne3+ 17. fxe3 Qh3+ 18. Kg1 Bxe3+ 19. Qxe3 Qxg3+ 20. Kh1 fxe3 21. Rg1 Qf2 22. Rbf1 Bh3 23. Rxf2 exf2 24. Rg3 axb4 25. Rxh3 bxc3 26. Kg2 Nf4+ 27. Bxf4 Rxf4 28. Kxf2 c2 29. Rh1 Rxa3 30. Rc1 Rc3 31. Ke1 Rxe4 32. Kd2 Rcxc4 33. Bxc4 Rxc4 34. Rxc2 Rxc2+ 35. Kxc2 c6 36. dxc6 bxc6 37. Kd3 Kf7 38. Ke4 Kf6 39. Ng5 d5+ 40. Ke3 Kf5 41. Nf7 c5 42. Kd3 e4+ 43. Ke3 d4+ 44. Ke2 Kf4 45. Nd6 e3 46. Nc4 g5 47. hxg5 Kxg5 48. Ne5 h4 49. Kd3 h3 50. Ke2 Kf5 51. Nf3 Kf4 52. Nh2 c4 53. Ke1 d3 54. Nf1 c3 55. Nh2 c2 0-1

[Event "Titled Tuesday intern op 18th Jan"]
[Site "Chess.com INT"]
[Date "2022.01.18"]
[Round "4"]
[White "Pechisker, Alfred"]
[Black "Estrada Nieto, Julian"]
[Result "0-1"]
[WhiteElo "2174"]
[BlackElo "2253"]
[PlyCount "146"]
[EventDate "2022.01.18"]
[EventType "swiss (blitz)"]
[EventRounds "11"]
[EventCountry "USA"]
[SourceTitle "CBM 206 Extra"]
[Source "ChessBase"]
[SourceDate "2022.03.31"]
[SourceVersion "1"]
[SourceVersionDate "2022.03.31"]
[SourceQuality "1"]

1. d4 d5 2. c4 dxc4 3. Nc3 a6 4. a4 Nc6 5. e3 Na5 6. Nf3 Nf6 7. Nd2 Be6 8. Be2 g6 9. 0-0 Bg7 10. Bf3 0-0 11. Nde4 Nxe4 12. Nxe4 Bd5 13. Bd2 Nb3 14. Rb1 Nxd2 15. Nxd2 Bxf3 16. Qxf3 b5 17. axb5 axb5 18. Rfc1 e6 19. b3 Ra2 20. Ne4 cxb3 21. Rxb3 Qd5 22. Rb4 c6 23. h3 h6 24. Rc5 Ra1+ 25. Kh2 Qd7 26. Nd2 Rc8 27. Rb1 Rxb1 28. Nxb1 Bf8 29. Rc1 c5 30. dxc5 Bxc5 31. g3 b4 32. Qd1 Qxd1 33. Rxd1 Ra8 34. Nd2 Ra2 35. Kg1 Rc2 36. Kf1 Kg7 37. Ke2 Be7 38. Rb1 f5 39. Kd1 Ra2 40. Rc1 Bf6 41. Rc2 Ra1+ 42. Ke2 Ra7 43. Rc6 Kf7 44. Rb6 Bc3 45. Nc4 Ra2+ 46. Kf3 Be1 47. e4 Rxf2+ 48. Ke3 Rc2 49. exf5 Bf2+ 50. Kd3 Bxb6 51. Kxc2 gxf5 52. Ne5+ Kg7 53. Kb3 Bc5 54. Nf3 Bd6 55. Nd4 Kf6 56. g4 fxg4 57. hxg4 e5 58. Nf3 Bf8 59. Kc4 e4 60. Nd2 Ke5 61. Nb3 Kf4 62. Kd4 e3 63. Kd3 Bd6 64. Nd4 Be5 65. Ne2+ Kxg4 66. Kxe3 b3 67. Kd3 b2 68. Kc2 h5 69. Ng1 h4 70. Kb1 h3 71. Nxh3 Kxh3 72. Kc2 Kg4 73. Kb1 Kf5 0-1

[Event "Keres Memorial 43th"]
[Site "Vancouver"]
[Date "2018.05.20"]
[Round "3"]
[White "Pechisker, Alfred"]
[Black "Moura, Eduardo Henrique B"]
[Result "1-0"]
[WhiteElo "2181"]
[BlackElo "2218"]
[PlyCount "123"]
[EventDate "2018.05.19"]
[EventType "swiss"]
[EventRounds "6"]
[EventCountry "CAN"]
[SourceTitle "EXT 2019"]
[Source "ChessBase"]
[SourceDate "2018.10.10"]
[SourceVersion "1"]
[SourceVersionDate "2018.10.10"]
[SourceQuality "1"]

1. d4 d5 2. c4 e6 3. Nf3 c5 4. Nc3 Nc6 5. cxd5 exd5 6. Bg5 Be7 7. Bxe7 Ngxe7 8. e3 cxd4 9. Nxd4 Qb6 10. Qb3 Qxb3 11. Nxb3 0-0 12. Be2 Rd8 13. Rd1 Be6 14. Bf3 Ne5 15. Nd4 Nxf3+ 16. gxf3 Nc6 17. Nce2 Nxd4 18. Nxd4 Kf8 19. Kd2 Ke7 20. h4 Rac8 21. h5 h6 22. Rdg1 Rg8 23. Rg3 Bd7 24. f4 Kf6 25. f3 Bf5 26. Nxf5 Kxf5 27. Kd3 Rc6 28. Rh4 Re6 29. Kd4 Kf6 30. Rg2 Rge8 31. Re2 Kf5 32. b4 R8e7 33. b5 Kf6 34. Rh1 Kf5 35. Rc1 Rd7 36. Rc5 Red6 37. a4 g6 38. Rh2 gxh5 39. Rc1 Kg6 40. Rg1+ Kh7 41. Rxh5 Re7 42. f5 Rf6 43. Rg4 Rd6 44. Kc5 Rf6 45. e4 dxe4 46. fxe4 Rb6 47. Kd5 Rd7+ 48. Ke5 f6+ 49. Kf4 Rg7 50. Rxh6+ Kg8 51. Rxg7+ Kxg7 52. Rg6+ Kf7 53. e5 a6 54. Rxf6+ Rxf6 55. exf6 axb5 56. axb5 Kxf6 57. b6 Kf7 58. Ke5 Ke7 59. f6+ Kf7 60. Kf5 Kf8 61. Ke6 Ke8 62. Kd6 1-0

[Event "British Columbia-ch"]
[Site "Victoria"]
[Date "2017.10.09"]
[Round "6.1"]
[White "Doknjas, John"]
[Black "Pechisker, Alfred"]
[Result "0-1"]
[WhiteElo "2273"]
[BlackElo "2238"]
[PlyCount "74"]
[EventDate "2017.10.06"]
[EventType "tourn"]
[EventRounds "7"]
[EventCountry "CAN"]
[SourceTitle "EXT 2022"]
[Source "ChessBase"]
[SourceDate "2021.10.06"]
[SourceVersion "1"]
[SourceVersionDate "2021.10.06"]
[SourceQuality "1"]

1. d4 Nf6 2. c4 g6 3. Nc3 Bg7 4. e4 d6 5. f4 0-0 6. Nf3 c5 7. d5 e6 8. Be2 exd5 9. cxd5 Re8 10. Nd2 Na6 11. 0-0 Rb8 12. Bf3 b5 13. a4 bxa4 14. Rxa4 Nb4 15. Nc4 Ba6 16. b3 Nd7 17. e5 dxe5 18. Re1 Bxc4 19. bxc4 Nb6 20. Rxa7 Nxc4 21. Ne4 Nd6 22. Be3 c4 23. fxe5 Nxe4 24. Bxe4 Bxe5 25. Qg4 Nxd5 26. Qf3 Nf6 27. Rd1 Qc8 28. Bd5 Rf8 29. Bh6 Qc5+ 30. Be3 Qb4 31. Bh6 Nxd5 32. Bxf8 Qb6+ 33. Kh1 Qxa7 34. Qxd5 Qc7 35. Bh6 Bxh2 36. Re1 Bf4 37. Qb5 Bxh6 0-1

[Event "British Columbia-ch"]
[Site "Victoria"]
[Date "2017.10.07"]
[Round "3.3"]
[White "Sohal, Tanraj"]
[Black "Pechisker, Alfred"]
[Result "1-0"]
[WhiteElo "2369"]
[BlackElo "2238"]
[PlyCount "91"]
[EventDate "2017.10.06"]
[EventType "tourn"]
[EventRounds "7"]
[EventCountry "CAN"]
[SourceTitle "EXT 2022"]
[Source "ChessBase"]
[SourceDate "2021.10.06"]
[SourceVersion "1"]
[SourceVersionDate "2021.10.06"]
[SourceQuality "1"]

1. d4 d5 2. c4 c6 3. cxd5 cxd5 4. Bf4 e6 5. Nc3 Bd6 6. Bxd6 Qxd6 7. e3 a6 8. Rc1 Nc6 9. Bd3 Nf6 10. f4 0-0 11. Nf3 b5 12. 0-0 Bb7 13. Ne5 Rac8 14. Bb1 Rc7 15. Nd3 Rfc8 16. Nc5 Nd7 17. Nxd7 Qxd7 18. f5 e5 19. f6 e4 20. fxg7 Na5 21. Qe1 Nc4 22. Qf2 b4 23. Ne2 Qg4 24. Ng3 Nd6 25. Rxc7 Rxc7 26. Bc2 Qg5 27. Bb3 Kxg7 28. Ne2 Ne8 29. h4 Qe7 30. Nf4 Qd6 31. Qg3+ Kf8 32. Qg5 Rd7 33. Qf5 Kg8 34. Nh5 Bc6 35. Nf4 a5 36. Nh3 Ng7 37. Qg5 h6 38. Qg4 Qe6 39. Qg3 Kh7 40. Bd1 Qd6 41. Qxd6 Rxd6 42. Rxf7 Bb5 43. Nf4 Kg8 44. Ra7 Nf5 45. Kf2 a4 46. g4 1-0

[Event "British Columbia-op"]
[Site "Richmond"]
[Date "2015.02.07"]
[Round "2.3"]
[White "Pechisker, Alfred"]
[Black "Pulfer, Luke"]
[Result "1-0"]
[WhiteElo "2243"]
[BlackElo "2004"]
[PlyCount "103"]
[EventDate "2015.02.07"]
[EventType "swiss"]
[EventRounds "6"]
[EventCountry "CAN"]
[SourceTitle "EXT 2019"]
[Source "ChessBase"]
[SourceDate "2018.10.10"]
[SourceVersion "1"]
[SourceVersionDate "2018.10.10"]
[SourceQuality "1"]

1. d4 d5 2. g3 Nf6 3. Bg2 e6 4. Nf3 Be7 5. c4 b6 6. cxd5 exd5 7. 0-0 0-0 8. Ne5 Bb7 9. Qc2 c5 10. dxc5 bxc5 11. Rd1 Nbd7 12. Bf4 Nxe5 13. Bxe5 Qb6 14. Nc3 Rad8 15. Na4 Qc6 16. Rac1 c4 17. b3 Ba3 18. Bb2 Bxb2 19. Nxb2 Rc8 20. bxc4 Ba6 21. Qd2 Qe6 22. cxd5 Qxe2 23. Qxe2 Bxe2 24. Re1 Rxc1 25. Rxc1 h6 26. Na4 Rd8 27. Rc5 Bd3 28. Nc3 Ng4 29. h3 Nf6 30. Bf1 Ne4 31. Nxe4 Bxe4 32. Bc4 Rb8 33. Bb3 Bf3 34. g4 g6 35. Rc7 Rd8 36. Rc3 Be2 37. f4 a5 38. Kf2 Ba6 39. Rc5 Bb7 40. Rxa5 Rd7 41. Ke3 Kf8 42. Kd4 Ke7 43. Ra7 Kd6 44. Bc4 Ke7 45. a4 Bc8 46. Rxd7+ Kxd7 47. Kc5 Kc7 48. d6+ Kb7 49. Bxf7 Bd7 50. a5 Ka6 51. Bxg6 Kxa5 52. f5 1-0

[Event "Richmond Keres Memorial 39th"]
[Site "Richmond"]
[Date "2014.05.17"]
[Round "2.1"]
[White "Pechisker, Alfred"]
[Black "Orlov, Georgi"]
[Result "1/2-1/2"]
[WhiteElo "2191"]
[BlackElo "2478"]
[PlyCount "119"]
[EventDate "2014.05.17"]
[EventType "swiss"]
[EventRounds "6"]
[EventCountry "CAN"]
[SourceTitle "EXT 2022"]
[Source "ChessBase"]
[SourceDate "2021.10.06"]
[SourceVersion "1"]
[SourceVersionDate "2021.10.06"]
[SourceQuality "1"]

1. d4 d6 2. Nf3 g6 3. c4 Bg7 4. e4 Bg4 5. Be2 Nc6 6. Be3 e5 7. d5 Bxf3 8. Bxf3 Nd4 9. Qa4+ Kf8 10. Nc3 Nf6 11. 0-0-0 Nd7 12. Nb5 Nc5 13. Qa3 Nxb5 14. cxb5 a6 15. Bxc5 axb5 16. Qb4 dxc5 17. Qxc5+ Kg8 18. Kb1 Bf8 19. Qxb5 b6 20. h4 h5 21. Qc6 Ra5 22. Rc1 Rc5 23. Rxc5 Bxc5 24. Rf1 Kg7 25. g3 Qe7 26. Be2 Rh6 27. Qb5 g5 28. hxg5 Qxg5 29. Qd3 Rf6 30. f4 exf4 31. gxf4 Rxf4 32. Rxf4 Qxf4 33. Bxh5 Be3 34. a3 Kf6 35. Bd1 Ke7 36. Bc2 Bc5 37. Qc3 Bd6 38. Ka2 Qh2 39. Bd3 Qg3 40. Kb3 Be5 41. Qc2 Qe3 42. Ka4 Qd4+ 43. b4 Qa1 44. Qb3 Bb2 45. Bc4 Qc1 46. Kb5 Be5 47. a4 Qg1 48. Bd3 Bd6 49. Qc4 Qg8 50. a5 bxa5 51. bxa5 Qb8+ 52. Ka4 Qb2 53. Bc2 Qb7 54. Qb5 Qa7 55. Bb3 f6 56. Bc4 Qd4 57. a6 Qa1+ 58. Kb3 Qd1+ 59. Kc3 Qe1+ 60. Kd3 1/2-1/2

[Event "Richmond Keres Memorial 39th"]
[Site "Richmond"]
[Date "2014.05.17"]
[Round "1.7"]
[White "Pechisker, Alfred"]
[Black "Trochtchanovitch, Pavel"]
[Result "1-0"]
[WhiteElo "2191"]
[BlackElo "1999"]
[PlyCount "77"]
[EventDate "2014.05.17"]
[EventType "swiss"]
[EventRounds "6"]
[EventCountry "CAN"]
[SourceTitle "EXT 2022"]
[Source "ChessBase"]
[SourceDate "2021.10.06"]
[SourceVersion "1"]
[SourceVersionDate "2021.10.06"]
[SourceQuality "1"]

1. d4 d5 2. c4 c6 3. Nf3 Nf6 4. Nc3 a6 5. c5 Bf5 6. Bf4 Nbd7 7. e3 Nh5 8. Bd3 Bxd3 9. Qxd3 Nxf4 10. exf4 g6 11. 0-0 Qc7 12. Qe3 Bh6 13. g3 e6 14. b4 0-0 15. a4 Bg7 16. b5 axb5 17. axb5 b6 18. Rab1 bxc5 19. dxc5 cxb5 20. Rxb5 Rfc8 21. Rc1 Ra3 22. Qd2 Rxc3 23. Rxc3 Bxc3 24. Qxc3 Nxc5 25. Ne5 Ne4 26. Qd4 Qc1+ 27. Kg2 Nd2 28. Qd3 Qe1 29. Rb7 Ne4 30. Qd4 Nd6 31. Rd7 Nf5 32. Qa7 Qe4+ 33. Kh3 Qe2 34. Rd8+ Rxd8 35. Qxf7+ Kh8 36. Qf6+ Kg8 37. Qxd8+ Kg7 38. Qd7+ Kh6 39. Ng4+ 1-0

[Event "Vancouver British Columbia Day op"]
[Site "Vancouver"]
[Date "2013.08.04"]
[Round "4"]
[White "Sohal, Tanraj"]
[Black "Pechisker, Alfred"]
[Result "1-0"]
[WhiteElo "2230"]
[BlackElo "2287"]
[PlyCount "81"]
[EventDate "2013.08.03"]
[EventType "swiss"]
[EventRounds "6"]
[EventCountry "CAN"]
[SourceTitle "EXT 2022"]
[Source "ChessBase"]
[SourceDate "2021.10.06"]
[SourceVersion "1"]
[SourceVersionDate "2021.10.06"]
[SourceQuality "1"]

1. d4 Nf6 2. c4 c5 3. d5 b5 4. Qc2 e6 5. e4 bxc4 6. Bxc4 exd5 7. exd5 d6 8. Ne2 g6 9. 0-0 Bg7 10. Nbc3 0-0 11. Bf4 Nh5 12. Be3 Nd7 13. Nf4 Nxf4 14. Bxf4 Ne5 15. Be2 Bf5 16. Qd2 Rb8 17. b3 Rb4 18. Be3 Re8 19. Rac1 Bg4 20. Nd1 Bxe2 21. Qxe2 f5 22. Bd2 Rh4 23. h3 f4 24. f3 Nf7 25. Qb5 a6 26. Qxa6 Ng5 27. Nf2 Bd4 28. Rfe1 Rf8 29. Kf1 Rh5 30. Ne4 Nxe4 31. Rxe4 Re5 32. Rxe5 dxe5 33. b4 Qxd5 34. Qc4 Qxc4+ 35. Rxc4 cxb4 36. Bxb4 Ra8 37. a3 Kf7 38. Ke2 Ke6 39. Kd3 Bb2 40. Rc6+ Kd5 41. Rd6# 1-0

[Event "Richmond Keres Memorial 38th"]
[Site "Richmond"]
[Date "2013.05.20"]
[Round "5"]
[White "Pechisker, Alfred"]
[Black "Lo, Ryan"]
[Result "1/2-1/2"]
[WhiteElo "2201"]
[BlackElo "2007"]
[PlyCount "120"]
[EventDate "2013.05.18"]
[EventType "swiss"]
[EventRounds "6"]
[EventCountry "CAN"]
[SourceTitle "CBM 154 Extra"]
[Source "ChessBase"]
[SourceDate "2013.06.25"]
[SourceVersion "2"]
[SourceVersionDate "2013.06.25"]
[SourceQuality "1"]

1. d4 Nf6 2. c4 g6 3. Nc3 d5 4. Bg5 Ne4 5. Bf4 Nxc3 6. bxc3 dxc4 7. e3 Be6 8. Rb1 b6 9. Nf3 c6 10. Ng5 Qc8 11. Nxe6 Qxe6 12. Be5 f6 13. Bxb8 Rxb8 14. Qa4 b5 15. Qxa7 Qc8 16. Bxc4 Ra8 17. Be6 Rxa7 18. Bxc8 Kf7 19. Bg4 e6 20. 0-0 Be7 21. Rb2 Rc8 22. Bd1 Ra3 23. Bb3 c5 24. Rfb1 c4 25. Bd1 Rxc3 26. Rxb5 Rd3 27. Kf1 c3 28. R5b3 Rd2 29. Rc1 Rxa2 30. Rcxc3 Rxc3 31. Rxc3 Ra6 32. Bb3 Rb6 33. Ke2 h5 34. e4 h4 35. f4 Ke8 36. g4 Kd7 37. e5 fxe5 38. dxe5 Rb4 39. Ke3 Bd8 40. h3 Bb6+ 41. Kf3 g5 42. Bc4 Ke7 43. Rc2 gxf4 44. Kxf4 Bg1 45. Kg5 Bd4 46. Kxh4 Bxe5 47. Kg5 Rb2 48. Rxb2 Bxb2 49. h4 Bf6+ 50. Kh5 Kf8 51. g5 Bc3 52. Kg6 Kg8 53. Bxe6+ Kh8 54. Kf7 Be1 55. h5 Bd2 56. g6 Bh6 57. Kf6 Bf8 58. Kg5 Be7+ 59. Kf5 Bf8 60. Bf7 Bh6 1/2-1/2

[Event "Richmond Keres Memorial 38th"]
[Site "Richmond"]
[Date "2013.05.19"]
[Round "3"]
[White "Kolbus, Dietmar"]
[Black "Pechisker, Alfred"]
[Result "1/2-1/2"]
[WhiteElo "2292"]
[BlackElo "2201"]
[PlyCount "232"]
[EventDate "2013.05.18"]
[EventType "swiss"]
[EventRounds "6"]
[EventCountry "CAN"]
[SourceTitle "CBM 154 Extra"]
[Source "ChessBase"]
[SourceDate "2013.06.25"]
[SourceVersion "2"]
[SourceVersionDate "2013.06.25"]
[SourceQuality "1"]

1. c4 g6 2. e4 Bg7 3. d4 d6 4. Nc3 e5 5. Nge2 Nc6 6. Be3 f5 7. d5 Nce7 8. f3 Nf6 9. h3 f4 10. Bf2 g5 11. Qd2 h5 12. 0-0-0 Ng6 13. Kb1 Kf7 14. Nc1 b6 15. Nd3 a5 16. Be2 g4 17. hxg4 hxg4 18. fxg4 Bxg4 19. Bf3 Qd7 20. Qe2 Rh6 21. Rxh6 Bxh6 22. Nb5 Rh8 23. Rh1 Bxf3 24. gxf3 Bg5 25. Rxh8 Nxh8 26. Qf1 Kg6 27. Qg2 Kh6 28. Be1 Ng6 29. Qh1+ Kg7 30. b3 Ng8 31. Qg2 Bd8 32. Kc2 Nh6 33. Kd1 Nf7 34. Bf2 Ng5 35. Ke2 Kf7 36. Kf1 Kf6 37. Qh1 Kg7 38. Be1 Nh7 39. Kg2 Ng5 40. Qh5 Nh7 41. Qh3 Ngf8 42. Qxd7+ Nxd7 43. Nf2 Nhf6 44. Kh3 Kg6 45. Ng4 Ne8 46. Bf2 Kh5 47. Nh2 Kg6 48. Nf1 Kh5 49. Nd2 Kg6 50. Nb1 Kf7 51. N1c3 Kg6 52. Na7 Nb8 53. a3 Kf7 54. b4 axb4 55. axb4 Kg6 56. Ncb5 Kf7 57. Kg4 Kg6 58. Be1 Nf6+ 59. Kh3 Ne8 60. Bc3 Na6 61. Nc6 Bf6 62. Be1 Kf7 63. Na3 Be7 64. Kg4 Nf6+ 65. Kh3 Nd7 66. Bc3 Bf6 67. Nb5 Be7 68. Bd2 Bf6 69. Na3 Be7 70. Nc2 Bf6 71. Ne1 Be7 72. Ng2 Bf6 73. Be1 Nab8 74. Na7 Nf8 75. Nb5 Na6 76. Kg4 Ng6 77. Bc3 Bd8 78. Na7 Nb8 79. Kh3 Bf6 80. Be1 Bd8 81. Bf2 Be7 82. Ne1 Nf8 83. Nd3 Nfd7 84. Be1 Bd8 85. Bc3 Bf6 86. Nc6 Na6 87. Kg4 Kg6 88. Bb2 Kf7 89. Kf5 Be7 90. Ba3 Nab8 91. Nxb8 Nxb8 92. c5 bxc5 93. bxc5 Nd7 94. c6 Nf6 95. Nb4 Ne8 96. Na6 Bd8 97. Bb4 Ng7+ 98. Kg4 Ne8 99. Ba5 Kg6 100. Kh3 Kh5 101. Be1 Be7 102. Nb4 Bd8 103. Nd3 Be7 104. Nb2 Bd8 105. Nc4 Be7 106. Na3 Bd8 107. Nb5 Be7 108. Kg2 Bh4 109. Bb4 Bd8 110. Na3 Bh4 111. Nc4 Bd8 112. Ba5 Kh4 113. Bc3 Bf6 114. Bb4 Bd8 115. Be1+ Kh5 116. Kh3 Be7 1/2-1/2

[Event "Richmond Keres Memorial 38th"]
[Site "Richmond"]
[Date "2013.05.18"]
[Round "2"]
[White "Pechisker, Alfred"]
[Black "Beaudry, Lukas"]
[Result "1-0"]
[WhiteElo "2201"]
[BlackElo "2022"]
[PlyCount "67"]
[EventDate "2013.05.18"]
[EventType "swiss"]
[EventRounds "6"]
[EventCountry "CAN"]
[SourceTitle "CBM 154 Extra"]
[Source "ChessBase"]
[SourceDate "2013.06.25"]
[SourceVersion "2"]
[SourceVersionDate "2013.06.25"]
[SourceQuality "1"]

1. d4 Nf6 2. c4 g6 3. Nc3 Bg7 4. e4 d6 5. f3 0-0 6. Bg5 c5 7. d5 h6 8. Be3 e6 9. Qd2 exd5 10. cxd5 h5 11. Nge2 Re8 12. Nc1 a6 13. a4 b6 14. Be2 Nh7 15. Nd3 Nd7 16. Nf2 Ra7 17. h3 Qe7 18. g4 h4 19. 0-0 f5 20. Rae1 fxg4 21. hxg4 g5 22. f4 gxf4 23. Bxf4 Be5 24. Nd3 Bd4+ 25. Kh2 Ndf6 26. g5 Qd7 27. Nf2 Rxe4 28. Bf3 Rxe1 29. Qxe1 Bxf2 30. Rxf2 Qh3+ 31. Kg1 Rg7 32. Bg2 Nxg5 33. Bxh3 Nf3+ 34. Kh1 1-0

[Event "British Columbia op"]
[Site "Richmond"]
[Date "2013.02.11"]
[Round "5"]
[White "Pechisker, Alfred"]
[Black "Cao, Jason"]
[Result "1-0"]
[WhiteElo "2242"]
[BlackElo "2223"]
[PlyCount "93"]
[EventDate "2013.02.09"]
[EventType "swiss"]
[EventRounds "5"]
[EventCountry "CAN"]
[SourceTitle "EXT 2014"]
[Source "ChessBase"]
[SourceDate "2013.11.20"]
[SourceVersion "1"]
[SourceVersionDate "2013.11.20"]
[SourceQuality "1"]

1. d4 Nf6 2. c4 g6 3. Nc3 Bg7 4. e4 d6 5. f3 0-0 6. Bg5 a6 7. Qd2 c5 8. d5 Nbd7 9. Nh3 b5 10. cxb5 Qa5 11. Nf2 axb5 12. Nxb5 Qb6 13. a4 Ba6 14. Be2 Rfc8 15. 0-0 c4 16. Be3 Qb7 17. Qb4 Ne5 18. f4 Nd3 19. Nxd3 cxd3 20. Bxd3 Bxb5 21. axb5 Nd7 22. Rxa8 Qxa8 23. b6 Nc5 24. Bb5 Rb8 25. Qc4 Bxb2 26. Bxc5 dxc5 27. Bc6 Qa5 28. b7 Bd4+ 29. Kh1 Qb6 30. Qe2 Kg7 31. e5 e6 32. Qe4 exd5 33. Bxd5 Rd8 34. g3 Qc7 35. Rb1 Rb8 36. Bc4 Bc3 37. Rb5 Bb4 38. Kg2 Rd8 39. Kf3 Kf8 40. e6 fxe6 41. Qxe6 Kg7 42. Qe5+ Qxe5 43. fxe5 Rb8 44. Ke4 Kf8 45. Kd5 Ke7 46. Kc6 g5 47. Kc7 1-0

[Event "US Open-113"]
[Site "Vancouver"]
[Date "2012.08.09"]
[Round "6"]
[White "Pechisker, Alfred"]
[Black "Gutman, Richard George"]
[Result "1-0"]
[WhiteElo "2199"]
[BlackElo "2113"]
[PlyCount "39"]
[EventDate "2012.08.04"]
[EventType "swiss"]
[EventRounds "9"]
[EventCountry "USA"]
[SourceTitle "CBM 149 Extra"]
[Source "ChessBase"]
[SourceDate "2012.08.24"]
[SourceVersion "1"]
[SourceVersionDate "2012.08.24"]
[SourceQuality "1"]

1. d4 Nf6 2. c4 e6 3. Nf3 d5 4. Nc3 Bb4 5. a3 Bxc3+ 6. bxc3 Nc6 7. e3 0-0 8. Be2 Na5 9. cxd5 exd5 10. Nd2 Be6 11. 0-0 Re8 12. a4 Ne4 13. Nxe4 dxe4 14. Rb1 c5 15. Bb5 c4 16. Bxe8 Qxe8 17. Rb5 Qd8 18. Qh5 b6 19. f3 Bd7 20. Rd5 1-0

[Event "US Open-113"]
[Site "Vancouver"]
[Date "2012.08.08"]
[Round "5"]
[White "Brock, William"]
[Black "Pechisker, Alfred"]
[Result "1-0"]
[WhiteElo "2032"]
[BlackElo "2199"]
[PlyCount "59"]
[EventDate "2012.08.04"]
[EventType "swiss"]
[EventRounds "9"]
[EventCountry "USA"]
[SourceTitle "CBM 149 Extra"]
[Source "ChessBase"]
[SourceDate "2012.08.24"]
[SourceVersion "1"]
[SourceVersionDate "2012.08.24"]
[SourceQuality "1"]

1. d4 Nf6 2. c4 c5 3. d5 b5 4. cxb5 a6 5. bxa6 g6 6. Nc3 Bxa6 7. e4 Bxf1 8. Kxf1 d6 9. Nf3 Bg7 10. h3 0-0 11. Kg1 Nbd7 12. Kh2 Qa5 13. Re1 Rfb8 14. Re2 Nb6 15. e5 Ne8 16. e6 f5 17. Bg5 Nc4 18. Rb1 Nxb2 19. Rexb2 Rxb2 20. Rxb2 Bxc3 21. Rb7 Qxa2 22. Rxe7 Nf6 23. Qd3 Qb2 24. Bh6 Ne4 25. Qa6 Qb8 26. Qc6 Bf6 27. Rf7 Qc8 28. Rf8+ Qxf8 29. Bxf8 Rxf8 30. Qd7 1-0

[Event "British Columbia-ch"]
[Site "Burnaby"]
[Date "2011.10.10"]
[Round "7.4"]
[White "McLaren, Brian"]
[Black "Pechisker, Alfred"]
[Result "1/2-1/2"]
[WhiteElo "2186"]
[BlackElo "2293"]
[PlyCount "99"]
[EventDate "2011.10.07"]
[EventType "tourn"]
[EventRounds "7"]
[EventCountry "CAN"]
[SourceTitle "EXT 2022"]
[Source "ChessBase"]
[SourceDate "2021.10.06"]
[SourceVersion "1"]
[SourceVersionDate "2021.10.06"]
[SourceQuality "1"]

1. e4 c5 2. Nc3 Nc6 3. g3 g6 4. Bg2 Bg7 5. d3 Rb8 6. Be3 d6 7. Qd2 b5 8. h3 b4 9. Nd1 e5 10. Ne2 Nge7 11. f4 0-0 12. fxe5 Nxe5 13. Bh6 a5 14. 0-0 a4 15. Bxg7 Kxg7 16. Ne3 Ba6 17. Rf2 Bb5 18. Nf4 b3 19. axb3 axb3 20. c3 Ra8 21. Rxa8 Qxa8 22. c4 Bc6 23. d4 cxd4 24. Qxd4 Qb8 25. Rd2 Nc8 26. g4 Rd8 27. g5 Rd7 28. Kf1 Qb6 29. Qc3 Qc5 30. Nfd5 Rb7 31. Rd4 Nb6 32. Qd2 Nbxc4 33. Nxc4 Bb5 34. Qf2 Bxc4+ 35. Kg1 Nd7 36. Nf6 Be6 37. Ne8+ Kf8 38. Nxd6 Rc7 39. h4 Qc1+ 40. Bf1 Rc2 41. Qf3 Ne5 42. Qg3 Bg4 43. Nf5 gxf5 44. Rd8+ Ke7 45. Qxe5+ Kxd8 46. Qd6+ Kc8 47. Qa6+ Kc7 48. Qa7+ Kc6 49. Qa8+ Kc7 50. Qa5+ 1/2-1/2